Normal view
MARC view
- Nevins, Allan
Entry Personal Name
001 - CONTROL NUMBER
- control field: 14964
003 - CONTROL NUMBER IDENTIFIER
- control field: NUST
005 - DATE AND TIME OF LATEST TRANSACTION
- control field: 20190617100828.0
008 - FIXED-LENGTH DATA ELEMENTS
- fixed length control field: 190617|| aca||aabn | a|a d
040 ## - CATALOGING SOURCE
- Original cataloging agency: NUST
- Transcribing agency: NUST
100 ## - HEADING--PERSONAL NAME
- Personal name: Nevins, Allan
670 ## - SOURCE DATA FOUND
- Source citation: Work cat.: (NUST): Nevins, Allan, A pocket history of the United States /, 1986.
